| 000 | 00363nam a22001457a 4500 | ||
|---|---|---|---|
| 003 | OSt | ||
| 005 | 20260202122411.0 | ||
| 007 | 494 pages | ||
| 008 | 260202b |||||||| |||| 00| 0 eng d | ||
| 040 | _c | ||
| 082 |
_a005.1 _bAZI |
||
| 245 |
_aElements of Programming interviews _bThe insiders guide _cAziz,Adnan |
||
| 260 | _c2015 | ||
| 942 |
_2ddc _cBK _k005.1 _mAZI _n0 |
||
| 999 |
_c36309 _d36309 |
||